Statistics for The Last Foreign Power to Occupy Each European Country

Click here to take the quiz!

General Stats

  • This quiz has been taken 5,073 times
    (3,385 since last reset)
  • The average score is 42 of 44

Answers on the Map

Answers color-coded by a green-red scale on the quiz's map according to % correct below.
 

Answer Stats

CountryYearForeign power% Correct
Vatican City1945WWII Allies
100%
Austria1955WWII Allies
100%
San Marino1945WWII Allies
100%
Italy1945WWII Allies
100%
Germany1949WWII Allies
100%
Ireland1931United Kingdom
99%
Malta1974United Kingdom
99%
Czech Republic1968Warsaw Pact Armies
99%
Monaco1943WWII Axis
99%
Liechtenstein1866German Confederation
98%
Serbia1945Nazi Germany
98%
Norway1945Nazi Germany
98%
Netherlands1945Nazi Germany
98%
Luxembourg1945Nazi Germany
98%
Albania1944Nazi Germany
98%
Greece1944Nazi Germany
98%
France1944Nazi Germany
98%
Belgium1945Nazi Germany
98%
Denmark1945Nazi Germany
98%
Finland1918Russia
98%
Hungary1956Soviet Union
97%
Poland1945Soviet Union
97%
Ukraine1991Soviet Union
97%
Belarus1991Soviet Union
97%
Romania1958Soviet Union
97%
Lithuania1990Soviet Union
97%
Moldova1991Soviet Union
97%
Estonia1991Soviet Union
97%
Latvia1990Soviet Union
97%
Andorra1936France
96%
Portugal1808France
96%
Spain1814France
96%
Iceland1944Denmark
93%
Sweden1523Denmark
93%
Kosovo2008Serbia
93%
Montenegro2006Serbia and Montenegro
93%
Slovenia1991Yugoslavia
93%
Croatia1991Yugoslavia
93%
Bosnia and Herzegovina1992Yugoslavia
93%
North Macedonia1991Yugoslavia
93%
Bulgaria1908Ottoman Empire
87%
Slovakia1993Czechoslovakia
83%
Switzerland1815Austria
82%
Russia1480Golden Horde
74%

Score Distribution

Percentile by Number Answered

Percent of People with Each Score

Your Score History

You have not taken this quiz since the last reset